00000000nam##2200000za#4500
0019.578336
003CaOODSP
00520210624190035
007cr |||||||||||
008150406|1986||||xxc|||||o    f|0| 0 eng|d
022 |a1488-5379
040 |aCaOODSP|beng
043 |an-cn---
0861 |aFs97-6/1471E-PDF
1101 |aCanada. |bDepartment of Fisheries and Oceans.
24510|aIdentification of larval lake whitefish (Coregonus clupeaformis) and cisco (Coregonus artedii), from Southern Indian Lake, Manitoba by pigmentation characteristics and by isoelectric focusing of whole body protein extracts / |h[electronic resource]|cby R.J.P. Fudge, R.A. Bodaly and M.Viljanen.
260 |aWinnipeg - Manitoba : |bFisheries and Oceans Canada |c1986.
300 |a34p.|bfigs., references, tables
4901 |aCanadian technical report of fisheries and aquatic sciences|x1488-5379|vNo. 1471
500 |aOn t.p.: Western Region, Winnipeg, Manitoba. The catalogue number and ISSN for the print edition appear in the PDF version.
546 |a(Résumé en français)
590 |a14-02-Supp|b2014-01-08
7201 |aBodaly, R. A.
7201 |aFudge, R. J. P.
7201 |aViljanen, M.
830#0|aCanadian technical report of fisheries and aquatic sciences,|x1488-5379|vNo. 1471|w(CaOODSP)9.504449
85640|ahttp://publications.gc.ca|qPDF|s1168 KB|uhttps://publications.gc.ca/collections/collection_2013/mpo-dfo/Fs97-6-1471-eng.pdf|yNo. 1471